[Event "SVK-chT2C 1718"]
[Site "Slovakia"]
[Date "2018.02.25"]
[Round "9.3"]
[White "Giertli, Vladimir"]
[Black "Tkacik, Jan"]
[Result "1-0"]
[WhiteElo "2025"]
[BlackElo "1841"]
[PlyCount "49"]
[EventDate "2017.10.28"]
[EventType "team-tourn"]
[EventRounds "11"]
[EventCountry "SVK"]
[SourceTitle "EXT 2019"]
[Source "ChessBase"]
[SourceDate "2018.10.10"]
[SourceVersion "1"]
[SourceVersionDate "2018.10.10"]
[SourceQuality "1"]
[WhiteTeam "Banska Bystrica Veza"]
[BlackTeam "Liptovska Stiavnica"]
[WhiteTeamCountry "SVK"]
[BlackTeamCountry "SVK"]

1. Nf3 Nf6 2. g3 g6 3. Bg2 Bg7 4. d4 d6 5. Nbd2 Nbd7 6. e4 e5 7. 0-0 0-0 8. dxe5 dxe5 9. Qe2 Re8 10. Rd1 Qe7 11. b3 b6 12. Nc4 Bb7 13. Ba3 c5 14. Nd6 Reb8 15. Ng5 Bc6 16. Ngxf7 b5 17. c4 a6 18. Bb2 Rf8 19. Ng5 Nh5 20. cxb5 axb5 21. Nh3 Rf6 22. Nxb5 Raf8 23. a4 R6f7 24. Nc3 Qe6 25. Ng5 1-0

[Event "SVK-chT2C 1718"]
[Site "Slovakia"]
[Date "2018.01.13"]
[Round "5.4"]
[White "Milcova, Zuzana"]
[Black "Tkacik, Jan"]
[Result "1/2-1/2"]
[WhiteElo "2006"]
[BlackElo "1841"]
[PlyCount "38"]
[EventDate "2017.10.28"]
[EventType "team-tourn"]
[EventRounds "11"]
[EventCountry "SVK"]
[SourceTitle "EXT 2019"]
[Source "ChessBase"]
[SourceDate "2018.10.10"]
[SourceVersion "1"]
[SourceVersionDate "2018.10.10"]
[SourceQuality "1"]
[WhiteTeam "Bziny"]
[BlackTeam "Liptovska Stiavnica"]
[WhiteTeamCountry "SVK"]
[BlackTeamCountry "SVK"]

1. e4 e5 2. Nf3 Nc6 3. d4 exd4 4. Nxd4 Bc5 5. Be3 Qf6 6. c3 Nge7 7. Be2 0-0 8. 0-0 d6 9. Nxc6 Nxc6 10. Bxc5 dxc5 11. f4 Rd8 12. Qe1 b6 13. Nd2 Bb7 14. Rd1 Rd7 15. h3 Rad8 16. Bg4 Rd3 17. Qf2 Ne7 18. Rfe1 Ng6 19. g3 Ne5 1/2-1/2

[Event "SVK-chT1E 1617"]
[Site "Slovakia"]
[Date "2017.02.25"]
[Round "8.5"]
[White "Tkacik, Jan"]
[Black "Ferkova, Dominika"]
[Result "1/2-1/2"]
[WhiteElo "1836"]
[BlackElo "1917"]
[PlyCount "43"]
[EventDate "2016.10.15"]
[EventType "team-tourn"]
[EventRounds "11"]
[EventCountry "SVK"]
[SourceTitle "EXT 2018"]
[Source "ChessBase"]
[SourceDate "2017.10.13"]
[SourceVersion "1"]
[SourceVersionDate "2017.10.13"]
[SourceQuality "1"]
[WhiteTeam "Liptovska Stiavnica"]
[BlackTeam "Bardejov"]
[WhiteTeamCountry "SVK"]
[BlackTeamCountry "SVK"]

1. e4 c6 2. d4 d5 3. Nc3 dxe4 4. Nxe4 Bf5 5. Nc5 b6 6. Nb3 Nf6 7. Nf3 Nbd7 8. Be3 e6 9. Nh4 Bg6 10. Nxg6 hxg6 11. c4 Bb4+ 12. Bd2 Bd6 13. g3 Ne4 14. Bg2 Nxd2 15. Qxd2 Rc8 16. 0-0 0-0 17. Rad1 Qf6 18. Rfe1 Rfd8 19. Re4 c5 20. Qe2 a6 21. dxc5 Nxc5 22. Red4 1/2-1/2

[Event "SVK-chT1E 1617"]
[Site "Slovakia"]
[Date "2016.11.19"]
[Round "3.5"]
[White "Tkacik, Jan"]
[Black "Kopera, Michal"]
[Result "0-1"]
[WhiteElo "1836"]
[BlackElo "2119"]
[PlyCount "64"]
[EventDate "2016.10.15"]
[EventType "team-tourn"]
[EventRounds "11"]
[EventCountry "SVK"]
[SourceTitle "EXT 2018"]
[Source "ChessBase"]
[SourceDate "2017.10.13"]
[SourceVersion "1"]
[SourceVersionDate "2017.10.13"]
[SourceQuality "1"]
[WhiteTeam "Liptovska Stiavnica"]
[BlackTeam "Zilina Mladost"]
[WhiteTeamCountry "SVK"]
[BlackTeamCountry "SVK"]

1. e4 e5 2. Nf3 Nc6 3. Bb5 a6 4. Ba4 Nf6 5. 0-0 Be7 6. Re1 b5 7. Bb3 d6 8. c3 0-0 9. h3 Bb7 10. d3 Nb8 11. Nbd2 Nbd7 12. Nf1 Re8 13. Ne3 g6 14. Bd2 Bf8 15. Ng5 Re7 16. h4 h6 17. Nh3 Nc5 18. Bc2 Bc8 19. Qf3 Bg7 20. g4 Qd7 21. d4 exd4 22. cxd4 Ncxe4 23. Nd5 Nxd5 24. Bxe4 c6 25. Nf4 Qxg4+ 26. Qxg4 Bxg4 27. Nxd5 cxd5 28. Bxd5 Rae8 29. Rxe7 Rxe7 30. Be3 Rc7 31. b4 Be6 32. Bf3 Rc4 0-1

[Event "SVK-chT2C 1516"]
[Site "Slovakia"]
[Date "2016.03.12"]
[Round "10.5"]
[White "Ondras, Michal"]
[Black "Tkacik, Jan"]
[Result "1-0"]
[WhiteElo "1913"]
[BlackElo "1843"]
[PlyCount "65"]
[EventDate "2015.10.17"]
[EventType "team-tourn"]
[EventRounds "11"]
[EventCountry "SVK"]
[SourceTitle "EXT 2017"]
[Source "ChessBase"]
[SourceDate "2016.10.25"]
[SourceVersion "1"]
[SourceVersionDate "2016.10.25"]
[SourceQuality "1"]
[WhiteTeam "Cadca Caissa II"]
[BlackTeam "Liptovska Stiavnica"]
[WhiteTeamCountry "SVK"]
[BlackTeamCountry "SVK"]

1. d4 Nf6 2. c4 g6 3. Nc3 Bg7 4. e4 d6 5. Nf3 0-0 6. Be2 e5 7. d5 a5 8. Bg5 h6 9. Bh4 Na6 10. a3 Bd7 11. Nd2 Qe8 12. 0-0 Nh7 13. f3 f5 14. Bf2 Nf6 15. b4 axb4 16. axb4 Qe7 17. Qb3 Nh5 18. Rfc1 fxe4 19. Ncxe4 Nf4 20. Bf1 Kh8 21. c5 Qf7 22. cxd6 Nxd5 23. b5 Nab4 24. Bc5 cxd6 25. Bxd6 Qf4 26. Bxb4 Nxb4 27. Qxb4 Rxa1 28. Rxa1 Rf5 29. Qd6 Rh5 30. Ra8+ Kh7 31. Qxd7 Qe3+ 32. Kh1 Qf4 33. g3 1-0

[Event "SVK-chT2C 1516"]
[Site "Slovakia"]
[Date "2015.12.06"]
[Round "6.5"]
[White "Singliar, Anton"]
[Black "Tkacik, Jan"]
[Result "1-0"]
[WhiteElo "2007"]
[BlackElo "1843"]
[PlyCount "85"]
[EventDate "2015.10.17"]
[EventType "team-tourn"]
[EventRounds "11"]
[EventCountry "SVK"]
[SourceTitle "CBM 169 Extra"]
[Source "ChessBase"]
[SourceDate "2015.12.18"]
[SourceVersion "1"]
[SourceVersionDate "2015.12.18"]
[SourceQuality "1"]
[WhiteTeam "Dolny Kubin"]
[BlackTeam "Liptovska Stiavnica"]
[WhiteTeamCountry "SVK"]
[BlackTeamCountry "SVK"]

1. d4 Nf6 2. c4 g6 3. Nc3 Bg7 4. e4 d6 5. f3 0-0 6. Be3 Nc6 7. Nge2 e5 8. d5 Ne7 9. Qd2 a5 10. Bh6 Ne8 11. h4 f5 12. h5 f4 13. Bxg7 Nxg7 14. hxg6 h5 15. 0-0-0 Nxg6 16. Kb1 a4 17. Nc1 Bd7 18. Nd3 h4 19. c5 Nh5 20. Qf2 Ng3 21. Rg1 Rf7 22. a3 Rh7 23. Nb4 Ne7 24. cxd6 cxd6 25. Bb5 Ra5 26. Bxd7 Qxd7 27. Rc1 Nc8 28. Rc2 Rc5 29. Rgc1 h3 30. gxh3 Rxh3 31. Nd3 Rc4 32. Na2 Rxc2 33. Qxc2 Nb6 34. Qg2 Kf8 35. Nab4 Qh7 36. Qf2 Nd7 37. Qa7 Ne2 38. Rc8+ Ke7 39. Qxb7 Rxf3 40. Rc7 Qh1+ 41. Ka2 Rf1 42. Rxd7+ Kf6 43. Rf7+ 1-0

[Event "SVK-chT2C 1516"]
[Site "Slovakia"]
[Date "2015.11.08"]
[Round "4.6"]
[White "Tkacik, Jan"]
[Black "Frink, Ferenc"]
[Result "0-1"]
[WhiteElo "1843"]
[BlackElo "2131"]
[PlyCount "49"]
[EventDate "2015.10.17"]
[EventType "team-tourn"]
[EventRounds "11"]
[EventCountry "SVK"]
[SourceTitle "CBM 169 Extra"]
[Source "ChessBase"]
[SourceDate "2015.12.18"]
[SourceVersion "1"]
[SourceVersionDate "2015.12.18"]
[SourceQuality "1"]
[WhiteTeam "Liptovska Stiavnica"]
[BlackTeam "Filakovo"]
[WhiteTeamCountry "SVK"]
[BlackTeamCountry "SVK"]

1. e4 Nc6 2. d4 e5 3. d5 Nce7 4. Nf3 Ng6 5. c4 Bc5 6. Nc3 Nf6 7. Bd3 d6 8. h3 0-0 9. 0-0 h6 10. Na4 Bb6 11. b4 Bd7 12. Nxb6 axb6 13. Be3 Nh5 14. Bc2 Nhf4 15. a4 f5 16. Ra3 Qf6 17. Kh2 fxe4 18. Bxe4 Ne7 19. c5 bxc5 20. bxc5 g5 21. g4 Qf7 22. a5 Nxh3 23. Ng1 Nf4 24. f3 Nfxd5 25. Rf2 0-1

[Event "SVK-chT2C 1516"]
[Site "Slovakia"]
[Date "2015.11.07"]
[Round "3.6"]
[White "Pasztor, Ladislav"]
[Black "Tkacik, Jan"]
[Result "1/2-1/2"]
[WhiteElo "1924"]
[BlackElo "1843"]
[PlyCount "51"]
[EventDate "2015.10.17"]
[EventType "team-tourn"]
[EventRounds "11"]
[EventCountry "SVK"]
[SourceTitle "CBM 169 Extra"]
[Source "ChessBase"]
[SourceDate "2015.12.18"]
[SourceVersion "1"]
[SourceVersionDate "2015.12.18"]
[SourceQuality "1"]
[WhiteTeam "Cebovce"]
[BlackTeam "Liptovska Stiavnica"]
[WhiteTeamCountry "SVK"]
[BlackTeamCountry "SVK"]

1. e4 e5 2. Bc4 Nf6 3. d3 Bc5 4. Nf3 d6 5. c3 Bg4 6. Nbd2 Nbd7 7. Nf1 c6 8. Ng3 0-0 9. h3 Be6 10. Bb3 a5 11. 0-0 b5 12. Be3 Bxb3 13. Qxb3 a4 14. Qc2 Bxe3 15. fxe3 Qb6 16. Rae1 c5 17. Kh2 b4 18. d4 b3 19. axb3 axb3 20. Qd2 c4 21. Ra1 Qc6 22. Qe2 Ra2 23. Rxa2 bxa2 24. Ra1 Qa4 25. Nd2 Nb6 26. Qd1 1/2-1/2

[Event "SVK-chT2C 1516"]
[Site "Slovakia"]
[Date "2015.10.17"]
[Round "1.6"]
[White "Blumelova, Zdenka"]
[Black "Tkacik, Jan"]
[Result "1-0"]
[WhiteElo "1967"]
[BlackElo "1843"]
[PlyCount "37"]
[EventDate "2015.10.17"]
[EventType "team-tourn"]
[EventRounds "11"]
[EventCountry "SVK"]
[SourceTitle "CBM 169 Extra"]
[Source "ChessBase"]
[SourceDate "2015.12.18"]
[SourceVersion "1"]
[SourceVersionDate "2015.12.18"]
[SourceQuality "1"]
[WhiteTeam "Rajecke Teplice"]
[BlackTeam "Liptovska Stiavnica"]
[WhiteTeamCountry "SVK"]
[BlackTeamCountry "SVK"]

1. e4 e5 2. Nf3 Nc6 3. Bc4 Bc5 4. 0-0 Nf6 5. d3 0-0 6. a3 a5 7. Nc3 d6 8. h3 h6 9. Re1 Bd7 10. Be3 Ba7 11. d4 exd4 12. Nxd4 Re8 13. f3 Nxd4 14. Bxd4 Bxd4+ 15. Qxd4 Nh5 16. Qd5 Re5 17. Qxf7+ Kh8 18. f4 Be8 19. Qg8# 1-0

[Event "SVK-chT2C 1415"]
[Site "Slovakia"]
[Date "2015.03.07"]
[Round "10.4"]
[White "Tkacik, Jan"]
[Black "Kral, Pavol"]
[Result "1/2-1/2"]
[WhiteElo "1890"]
[BlackElo "2046"]
[PlyCount "22"]
[EventDate "2014.10.11"]
[EventType "team-tourn"]
[EventRounds "11"]
[EventCountry "SVK"]
[SourceTitle "EXT 2016"]
[Source "ChessBase"]
[SourceDate "2015.10.08"]
[SourceVersion "1"]
[SourceVersionDate "2015.10.08"]
[SourceQuality "1"]
[WhiteTeam "Liptovska Stiavnica"]
[BlackTeam "Banska Bystrica Veza"]
[WhiteTeamCountry "SVK"]
[BlackTeamCountry "SVK"]

1. e4 c5 2. c3 d5 3. exd5 Qxd5 4. d4 cxd4 5. Nf3 e5 6. cxd4 exd4 7. Qxd4 Qxd4 8. Nxd4 Bc5 9. Be3 Nc6 10. Nb5 Bxe3 11. fxe3 Ke7 1/2-1/2

[Event "SVK-chT2C 1415"]
[Site "Slovakia"]
[Date "2014.12.06"]
[Round "5.5"]
[White "Galvanek, Ladislav"]
[Black "Tkacik, Jan"]
[Result "1-0"]
[WhiteElo "2010"]
[BlackElo "1890"]
[PlyCount "59"]
[EventDate "2014.10.11"]
[EventType "team-tourn"]
[EventRounds "11"]
[EventCountry "SVK"]
[SourceTitle "EXT 2016"]
[Source "ChessBase"]
[SourceDate "2015.10.08"]
[SourceVersion "1"]
[SourceVersionDate "2015.10.08"]
[SourceQuality "1"]
[WhiteTeam "Kysucke Nove Mesto"]
[BlackTeam "Liptovska Stiavnica"]
[WhiteTeamCountry "SVK"]
[BlackTeamCountry "SVK"]

1. d4 Nf6 2. c4 g6 3. Nc3 Bg7 4. e4 d6 5. f4 e5 6. dxe5 dxe5 7. Qxd8+ Kxd8 8. fxe5 Ng4 9. Bg5+ f6 10. exf6 Bxf6 11. Bxf6+ Nxf6 12. 0-0-0+ Ke8 13. Be2 Ng4 14. Bxg4 Bxg4 15. Nf3 c6 16. Rhf1 Nd7 17. h3 Be6 18. b3 h6 19. Rd6 Ke7 20. Rfd1 Rhf8 21. e5 Rad8 22. Ne4 Bf5 23. Nf6 h5 24. Nh7 Rh8 25. Nhg5 Nc5 26. Nf7 Rxd6 27. Nxd6 Nd3+ 28. Kd2 Nxe5 29. Nxf5+ gxf5 30. Nxe5 1-0

[Event "SVK-chT2C 1415"]
[Site "Slovakia"]
[Date "2014.10.11"]
[Round "1.5"]
[White "Tkacik, Jan"]
[Black "Ilkovic, Frantisek"]
[Result "0-1"]
[WhiteElo "1890"]
[BlackElo "1997"]
[PlyCount "72"]
[EventDate "2014.10.11"]
[EventType "team-tourn"]
[EventRounds "11"]
[EventCountry "SVK"]
[SourceTitle "EXT 2016"]
[Source "ChessBase"]
[SourceDate "2015.10.08"]
[SourceVersion "1"]
[SourceVersionDate "2015.10.08"]
[SourceQuality "1"]
[WhiteTeam "Liptovska Stiavnica"]
[BlackTeam "Filakovo"]
[WhiteTeamCountry "SVK"]
[BlackTeamCountry "SVK"]

1. e4 e5 2. Nf3 Nc6 3. Bb5 a6 4. Ba4 Nf6 5. 0-0 b5 6. Bb3 Be7 7. Re1 d6 8. c3 0-0 9. d4 Rb8 10. h3 h6 11. Nbd2 Bd7 12. Nf1 Nh7 13. Ng3 Ng5 14. Nh2 Bf6 15. f4 Nh7 16. Be3 Bh4 17. Qf3 Na5 18. fxe5 Ng5 19. Bxg5 Qxg5 20. Nhf1 dxe5 21. Bc2 Rb6 22. Re2 Nc4 23. Bd3 Rf6 24. Nf5 g6 25. dxe5 Nxe5 26. Ne7+ Kh7 27. Qe3 Rxf1+ 28. Rxf1 Qxe7 29. Bc2 c5 30. g4 b4 31. cxb4 Bb5 32. bxc5 Bxe2 33. Qxe2 Qxc5+ 34. Kg2 Kg7 35. Bb3 a5 36. Qa6 Qe3 0-1

[Event "SVK-chT2C 1314"]
[Site "Slovakia"]
[Date "2014.02.01"]
[Round "7.5"]
[White "Tropp, Oliver"]
[Black "Tkacik, Jan"]
[Result "1-0"]
[WhiteElo "2041"]
[BlackElo "1911"]
[PlyCount "47"]
[EventDate "2013.10.19"]
[EventType "team-tourn"]
[EventRounds "11"]
[EventCountry "SVK"]
[SourceTitle "EXT 2015"]
[Source "ChessBase"]
[SourceDate "2014.11.20"]
[SourceVersion "1"]
[SourceVersionDate "2014.11.20"]
[SourceQuality "1"]
[WhiteTeam "Liptov Chess School II"]
[BlackTeam "Liptovska Stiavnica"]
[WhiteTeamCountry "SVK"]
[BlackTeamCountry "SVK"]

1. c4 Nf6 2. Nc3 g6 3. d4 Bg7 4. e4 d6 5. Bg5 0-0 6. Qd2 Nbd7 7. Nge2 e5 8. d5 a5 9. f3 Nc5 10. g4 Qe8 11. Nb5 Qd7 12. Ng3 Ne8 13. Rd1 a4 14. h4 f6 15. Be3 b6 16. Be2 Qf7 17. h5 f5 18. hxg6 hxg6 19. gxf5 gxf5 20. Nxf5 Bxf5 21. exf5 Qxf5 22. Bxc5 bxc5 23. Bd3 Qxf3 24. Bh7+ 1-0

[Event "SVK-chT2C 1314"]
[Site "Slovakia"]
[Date "2013.11.23"]
[Round "3.5"]
[White "Valuska, Pavel"]
[Black "Tkacik, Jan"]
[Result "1-0"]
[WhiteElo "1976"]
[BlackElo "1911"]
[PlyCount "38"]
[EventDate "2013.10.19"]
[EventType "team-tourn"]
[EventRounds "11"]
[EventCountry "SVK"]
[SourceTitle "EXT 2015"]
[Source "ChessBase"]
[SourceDate "2014.11.20"]
[SourceVersion "1"]
[SourceVersionDate "2014.11.20"]
[SourceQuality "1"]
[WhiteTeam "Zvolen Slavia"]
[BlackTeam "Liptovska Stiavnica"]
[WhiteTeamCountry "SVK"]
[BlackTeamCountry "SVK"]

1. e4 e5 2. Nf3 Nc6 3. Bb5 a6 4. Bxc6 dxc6 5. 0-0 Bd6 6. d4 exd4 7. Qxd4 f6 8. Re1 Ne7 9. e5 fxe5 10. Nxe5 Bf5 11. Bg5 c5 12. Qc4 Bxe5 13. Rxe5 Qd1+ 14. Qf1 0-0-0 15. Na3 Qd4 16. Rxe7 Qxb2 17. Nc4 Qxc2 18. Ne3 Qd3 19. Bf4 Bd7 1-0

[Event "SVK-chT2C 1314"]
[Site "Slovakia"]
[Date "2013.10.20"]
[Round "2.5"]
[White "Tkacik, Jan"]
[Black "Staffen, Richard"]
[Result "0-1"]
[WhiteElo "1911"]
[BlackElo "1978"]
[PlyCount "77"]
[EventDate "2013.10.19"]
[EventType "team-tourn"]
[EventRounds "11"]
[EventCountry "SVK"]
[SourceTitle "EXT 2015"]
[Source "ChessBase"]
[SourceDate "2014.11.20"]
[SourceVersion "1"]
[SourceVersionDate "2014.11.20"]
[SourceQuality "1"]
[WhiteTeam "Liptovska Stiavnica"]
[BlackTeam "Zilina Mladost II"]
[WhiteTeamCountry "SVK"]
[BlackTeamCountry "SVK"]

1. e4 c5 2. c3 Nf6 3. e5 Nd5 4. d4 cxd4 5. Qxd4 e6 6. Nf3 Nc6 7. Qe4 d6 8. Bb5 Bd7 9. c4 Nc7 10. Bg5 f6 11. exf6 gxf6 12. Bh4 Be7 13. 0-0 f5 14. Bxe7 Qxe7 15. Qe3 0-0-0 16. Nc3 Kb8 17. Rad1 Rhg8 18. Rfe1 Bc8 19. Bxc6 bxc6 20. Nd4 Qd7 21. b4 e5 22. Nb3 f4 23. Qf3 Bb7 24. Na5 Ba8 25. c5 Nd5 26. Nxc6+ Bxc6 27. Nxd5 Qf7 28. b5 Bxd5 29. Rxd5 e4 30. Qh5 Qg7 31. g3 dxc5 32. Rxc5 fxg3 33. hxg3 Rge8 34. Qg5 Qd4 35. Qf4+ Ka8 36. Rec1 Rf8 37. Qe3 Qxe3 38. fxe3 Rf3 39. Kg2 0-1